Musik und Heimat

Titel: Musik und Heimat / Christiane Wiesenfeldt
Verfasser:
Veröffentlicht: Kassel : Bärenreiter, [2025]
Berlin : Metzler, [2025]
Umfang: 286 Seiten : Illustrationen, Notenbeispiele
Format: Buch
Sprache: Deutsch
RVK-Notation:
Schlagworte:
ISBN: 9783761826584 ; 9783662706572 ; 9783761873083 ; 9783662706589
Buchumschlag
X
alg: 52860568
001A    $03004:02-04-25 
001B    $00017:17-03-26 $t11:19:31.000 
001D    $03004:05-05-25 
001U    $0utf8 
001X    $00 
002@    $0Aau 
002C    $aText $btxt $2rdacontent 
002D    $aohne Hilfsmittel zu benutzen $bn $2rdamedia 
002E    $aBand $bnc $2rdacarrier 
003@    $0528605682 
003O    $01472199709 $aOCoLC 
004A    $A978-3-7618-2658-4 $fBärenreiter 
004A    $A978-3-662-70657-2 $fMetzler 
004K    $09783662706572 
004O    $A978-3-7618-7308-3 $So 
004O    $A978-3-662-70658-9 $So 
006G    $01348391618 
006T    $024,N47 
006U    $026,A01 $f20241115 
007A    $0528605682 $aHEB 
009P    $qtext/html $A2 $3Inhaltstext $uhttp://deposit.dnb.de/cgi-bin/dokserv?id=84203838d82a42779087764baeec9abc&prov=M&dok_var=1&dok_ext=htm $mX:MVB 
009P    $qtext/html $A2 $uhttps://link.springer.com/978-3-662-70657-2 $mX:MVB 
009P    $qapplication/pdf $A2 $3Inhaltsverzeichnis $uhttps://d-nb.info/1348391618/04 $mB:DE-101 
010@    $ager 
010E    $erda 
011@    $a2025 $n[2025] 
011F    $n© 2025 
021A    $aMusik und Heimat $hChristiane Wiesenfeldt 
028A    $BVerfasser $#Wiesenfeldt, Christiane $4aut $7131578103 $8Wiesenfeldt, Christiane$Z1972- [Tp1] $9177660635 
033A    $pKassel $nBärenreiter 
033A    $pBerlin $nMetzler 
034D    $a286 Seiten 
034M    $aIllustrationen, Notenbeispiele 
037A    $aQuellen- und Literaturverzeichnis Seite 269-278 
044K    $qDNB $#Music $#Musique $#Musica $#music $#Music $#Musik $#Musik $74040802-4 $8Musik [Tsz] $9085111635 
044K    $qDNB $RVaterland $RHeimkehr $#Patrie $#Heimat $74024105-1 $8Heimat [Ts1] $9085059986 
044K    $qDNB $RMotiv $#Homeland in literature $74122192-8 $8Heimat$gMotiv [Ts1] $9085398918 
045E    $c780 $c300 
045F    $a781.609181 $eDDC23BSB 
045F/01 $a781.6 
045F/03 $g181 
045F/03 $g43 
045G    $a910.9181 $eDDC23BSB 
045G/01 $a910 
045G/03 $g181 
045G/03 $g43 
045H    $a390.09181 $eDDC23BSB 
045H/01 $a390 
045H/03 $g181 
045H/03 $g43 
045Z    $8LR 56600 [Tkv] $9410192570 
045Z    $8LR 57730 [Tkv] $9410195626 

lok: 52860568 8

exp: 52860568 8 1 #EPN
201B/01 $017-03-26 $t11:20:04.000 
201C/01 $011-02-26 
201U/01 $0utf8 
203@/01 $01335152261 
208@/01 $a17-03-26 $bz 
209A/01 $a/LR 57730 W651 $du $f000 $x00 
209G/01 $a21309397 $x00 
209G/01 $a1. Obergeschoss $x01 
247C/01 $8611000-9 <17>Darmstadt, TU Darmstadt, Universitäts- und Landesbibliothek - Stadtmitte $9102595879 

lok: 52860568 23

exp: 52860568 23 1 #EPN
201B/01 $003-12-25 $t15:15:18.000 
201C/01 $003-12-25 
201U/01 $0utf8 
203@/01 $0132800922X 
208@/01 $a03-12-25 $ba 
209A/01 $aWird erworben $ds $f030 $x00 
247C/01 $8352030-4 <34/30>Kassel, UB Kassel, Standort Brüder-Grimm-Platz, Landesbibliothek und Murhardsche Bibliothek der Stadt Kassel $9102599475 

lok: 52860568 24

exp: 52860568 24 1 #EPN
201B/01 $005-05-25 $t10:43:37.000 
201C/01 $002-04-25 
201U/01 $0utf8 
203@/01 $01297232518 
208@/01 $a05-05-25 $bz 
209A/01 $aMus 5736 $du $f050 $hMus 5736 $x00 
209C/01 $a25.02264 K $h25 02264 K 
209G/01 $a74141234 $x00 
220C/01 $asbl 
247C/01 $8358050-7 Marburg, Bibliothek des Herder-Instituts Marburg $9102600961 

lok: 52860568 25

exp: 52860568 25 1 #EPN
201B/01 $014-07-25 $t10:47:36.000 
201C/01 $024-06-25 
201U/01 $0utf8 
203@/01 $01307313744 
208@/01 $a10-07-25 $bzkm 
209A/01 $aDb 1451.06 $dd $f091 $x00 
209C/01 $a091 25/55 
209G/01 $a78178437 $x00 
209G/01 $aMusikwissenschaft $x01 
247C/01 $8651091-7 <77/091>Mainz, Universität Mainz, Zentralbibliothek, Standort Musikwissenschaft $9102600406
LEADER 00000cam a2200000 c 4500
001 528605682
003 DE-603
005 20260317111931.0
007 tu
008 250402s2025 xx |||| | u00||u|ger
015 |a 26,A01  |z 24,N47  |2 dnb 
016 7 |2 DE-101  |a 1348391618 
020 |a 9783761826584  |c Bärenreiter 
020 |a 9783662706572  |c Metzler 
024 3 |a 9783662706572 
035 |a (DE-599)HEB528605682 
035 |a (OCoLC)1472199709 
040 |a DE-603  |b ger  |c DE-603  |d DE-603  |e rda 
041 |a ger 
082 0 4 |8 1\u  |a 781.609181  |q DE-101  |2 23/BSB 
083 0 |8 2\u  |a 910.9181  |q DE-101  |2 23/BSB 
083 0 |8 3\u  |a 390.09181  |q DE-101  |2 23/BSB 
084 |a 780  |a 300  |q DE-101  |2 sdnb 
084 |a LR 56600  |0 (DE-625)109803:13528  |0 (DE-603)410192570  |2 rvk 
084 |a LR 57730  |0 (DE-625)109882:13528  |0 (DE-603)410195626  |2 rvk 
085 |8 1\u  |b 781.6 
085 |8 1\u  |z 2  |s 181 
085 |8 1\u  |z 2  |s 43 
085 |8 2\u  |b 910 
085 |8 2\u  |z 2  |s 181 
085 |8 2\u  |z 2  |s 43 
085 |8 3\u  |b 390 
085 |8 3\u  |z 2  |s 181 
085 |8 3\u  |z 2  |s 43 
100 1 |a Wiesenfeldt, Christiane  |d 1972-  |e Verfasser  |4 aut  |0 (DE-603)177660635  |0 (DE-588)131578103  |2 gnd 
245 0 0 |a Musik und Heimat  |c Christiane Wiesenfeldt 
264 1 |a Kassel  |b Bärenreiter  |c [2025] 
264 1 |a Berlin  |b Metzler  |c [2025] 
264 4 |c © 2025 
300 |a 286 Seiten  |b Illustrationen, Notenbeispiele 
336 |a Text  |b txt  |2 rdacontent 
337 |a ohne Hilfsmittel zu benutzen  |b n  |2 rdamedia 
338 |a Band  |b nc  |2 rdacarrier 
500 |a Quellen- und Literaturverzeichnis Seite 269-278 
650 7 |a Musik  |0 (DE-588)4040802-4  |0 (DE-603)085111635  |2 gnd 
650 7 |a Heimat  |0 (DE-588)4024105-1  |0 (DE-603)085059986  |2 gnd 
650 7 |a Heimat  |g Motiv  |0 (DE-588)4122192-8  |0 (DE-603)085398918  |2 gnd 
776 1 |z 9783761873083 
776 1 |z 9783662706589 
856 4 2 |m X:MVB  |q text/html  |u http://deposit.dnb.de/cgi-bin/dokserv?id=84203838d82a42779087764baeec9abc&prov=M&dok_var=1&dok_ext=htm  |3 Inhaltstext 
856 4 2 |m X:MVB  |q text/html  |u https://link.springer.com/978-3-662-70657-2 
856 4 2 |m B:DE-101  |q application/pdf  |u https://d-nb.info/1348391618/04  |3 Inhaltsverzeichnis 
924 0 |9 17  |a (DE-603)1335152261  |b DE-17  |c HES  |d c  |g /LR 57730 W651  |h 1. Obergeschoss 
924 0 |9 34/30  |a (DE-603)132800922X  |b DE-34-30  |c HES  |d b  |g Wird erworben 
924 0 |9 Mb 50  |a (DE-603)1297232518  |b DE-Mb50  |c HES  |d c  |g Mus 5736 
924 0 |9 77/091  |a (DE-603)1307313744  |b DE-77-091  |c HES  |d d  |g Db 1451.06